000 00532nam a2200217Ia 4500
005 20251007214640.0
008 251006t1969||||xx |||||||||||||| ||und||
040 _aCBC
041 _adonación
082 _aBIB/05.09.00/02418
100 _aAstrada, Carlos
245 _aDialéctica e historia : Hegel-Marx
260 _aBuenos Aires :
260 _bJuarez Editor,
260 _c1969
300 _a145 p
490 _aColección paideuma
650 _aFILOSOFIA DE LA HISTORIA
650 _aMARXISMO
942 _tMJCh
999 _c15311
_d15311